000 00580cam a22002171 4500
001 1235346
005 20180216041233.0
008 690303s1969 moua b 001 0 eng
010 _a 69012814
020 _a0801653576
040 _aDLC
_cDLC
_dDLC
041 _aeng
080 _a616.0757 joh
082 0 0 _a616.0757 joh
100 1 _a8
101 _arad
245 1 0 _aPatient care and special procedures in radiologic technology
_c[by] John C. Watson.
504 _aIncludes bibliographies.
906 _a7
_bcbc
_corignew
_du
_encip
_f19
_gy-gencatlg
942 _2ddc
_cBK
999 _c42757
_d42757